000 00300nam a22001337a 4500
008 181217b xxu||||| |||| 00| 0 eng d
020 _a0231056788
041 _aeng
080 _a030
100 _a23
101 _aENC
245 _aThe Concise Columbia Encyclopedia
_cLevey, J.S
942 _2udc
_cBK
999 _c53262
_d53262